000 00498nam a22001817a 4500
005 20130826114353.0
010 _aENG-108373
020 _c299.00
_a9788184003833
035 _aEN-91906
037 _bDBAD/PUB
082 _aS
100 _aShiv K. Kumar
245 0 0 _aNude before God /
_cby Shiv K. Kumar
260 _aNoida
_bRandom House Publishers
_c2013
270 _aWindsor IT Park,7th Floor, Tower-B, A-1, Sector-125
_bNoida
_e201301
300 _a168p /
_c18cm(pbk)
942 _2ddc
_cEN
_mSHI
999 _c78773
_d78773